| Tag |
First Indicator |
Second Indicator |
Subfields |
| LEADER |
00000cam a2200000 i 4500 |
| 001 |
in00005771413 |
| 005 |
20260327174123.4 |
| 006 |
m o d |
| 007 |
cr cnu---unuuu |
| 008 |
230302t20232023enk ob 001 0 eng d |
| 040 |
|
|
|a YDX
|b eng
|e rda
|e pn
|c YDX
|d OPELS
|d MUQ
|d UKAHL
|d UKMGB
|d OCLCF
|d N$T
|d YDX
|d OCLCO
|d TMA
|d OCLCQ
|d WAU
|d OCLCA
|d OCLCL
|
| 015 |
|
|
|a GBC331766
|2 bnb
|
| 016 |
7 |
|
|a 020958520
|2 Uk
|
| 019 |
|
|
|a 1372582064
|
| 020 |
|
|
|a 9780443189074
|q electronic book
|
| 020 |
|
|
|a 0443189072
|q electronic book
|
| 020 |
|
|
|z 9780443189067
|q paperback
|
| 035 |
|
|
|a (OCoLC)1370622946
|z (OCoLC)1372582064
|
| 037 |
|
|
|a 9780443189074
|b Ingram Content Group
|
| 050 |
|
4 |
|a R859.7.A78
|b M66 2023
|
| 060 |
|
4 |
|a W 26.55.A7
|
| 082 |
0 |
4 |
|a 610.28563
|2 23/eng/20230315
|
| 049 |
|
|
|a TXAM
|
| 100 |
1 |
|
|a Monlezun, Dominique J.,
|e author.
|
| 245 |
1 |
4 |
|a The thinking healthcare system :
|b artificial intelligence and human equity /
|c Dominique J. Monlezun.
|
| 246 |
3 |
|
|a Thinking health care system
|
| 264 |
|
1 |
|a London, United Kingdom ;
|a San Diego, CA :
|b Academic Press, an imprint of Elsevier,
|c [2023]
|
| 264 |
|
4 |
|c ©2023
|
| 300 |
|
|
|a 1 online resource (xii, 309 pages)
|
| 336 |
|
|
|a text
|b txt
|2 rdacontent
|
| 337 |
|
|
|a computer
|b c
|2 rdamedia
|
| 338 |
|
|
|a online resource
|b cr
|2 rdacarrier
|
| 504 |
|
|
|a Includes bibliographical references and index.
|
| 520 |
|
|
|a "The Thinking Healthcare System: Artificial Intelligence and Human Equity is the first comprehensive book detailing the historical, global, and technical trends shaping the evolution of the modern healthcare system into its final form -- an AI-driven thinking healthcare system, structured and functioning as a global digital health ecosystem. Written by the world's first triple doctorate trained physician-data scientist and ethicist, and author of three AI textbooks and over 350 scientific and ethics papers, this indispensable resource makes sense of how technology, economics, and ethics are already producing the future's health system -- and how to ensure it works for every patient, community, and culture in our globalized, digitalized, and divided world"--
|c Provided by publisher.
|
| 545 |
0 |
|
|a Dominique J. Monlezun MD, PhD, PhD, MPHUT MD is a practicing physician-data scientist and ethicist.
|
| 588 |
0 |
|
|a Print version record.
|
| 650 |
|
0 |
|a Artificial intelligence
|x Medical applications.
|
| 650 |
|
0 |
|a Medical informatics.
|
| 650 |
|
2 |
|a Ethics, Medical
|
| 650 |
|
6 |
|a Intelligence artificielle
|x Applications en médecine.
|
| 650 |
|
6 |
|a Médecine
|x Informatique.
|
| 650 |
|
6 |
|a Éthique médicale.
|
| 650 |
|
7 |
|a Artificial intelligence
|x Medical applications
|2 fast
|
| 650 |
|
7 |
|a Medical informatics
|2 fast
|
| 655 |
|
7 |
|a Electronic books.
|2 local
|
| 710 |
2 |
|
|a ScienceDirect (Online service)
|
| 776 |
0 |
8 |
|i Print version:
|a Monlezun, Dominique J.
|t Thinking healthcare system.
|d London, United Kingdom ; San Diego, CA : Academic Press, [2023]
|z 0443189064
|w (OCoLC)1346617514
|
| 856 |
4 |
0 |
|u http://proxy.library.tamu.edu/login?url=https://www.sciencedirect.com/science/book/9780443189067
|z Connect to the full text of this electronic book
|t 0
|
| 955 |
|
|
|a Elsevier ScienceDirect 2026-2027
|
| 994 |
|
|
|a 92
|b TXA
|
| 999 |
f |
f |
|i fb370eb0-3f91-4d29-a6e9-410c5f5ccd01
|s 180b0c47-8f2a-461b-991c-c555fba6f210
|t 0
|
| 952 |
f |
f |
|a Texas A&M University
|b College Station
|c Electronic Resources
|s www_evans
|d Available Online
|t 0
|e R859.7.A78 M66 2023
|h Library of Congress classification
|
| 998 |
f |
f |
|a R859.7.A78 M66 2023
|t 0
|l Available Online
|